|
|
|
|
| LEADER |
00610cam a2200193 7i4500 |
| 001 |
0000013369 |
| 005 |
20200615090000.0 |
| 020 |
|
|
|a 0763735825
|
| 090 |
0 |
0 |
|a RA651
|b .M48 2006
|
| 100 |
1 |
|
|a Merrill, Ray M
|
| 245 |
1 |
0 |
|a Introduction to epidemiology
|c Ray M. Merrill, Thomas C. Timmreck.
|
| 250 |
|
|
|a 4th ed.
|
| 260 |
|
|
|a Sudbury, Massachusetts:
|b Jones and Bartlett Publishers,
|c 2006.
|
| 300 |
|
|
|a xv, 352 p.:
|b ill.;
|c 26 cm.
|
| 500 |
|
|
|a Includes index
|
| 650 |
0 |
0 |
|a Epidemiology
|
| 700 |
1 |
|
|a Timmreck, Thomas C
|
| 997 |
|
|
|a Health Sciences, Faculty
|
| 999 |
|
|
|a 0000016956
|b BOK
|c OPEN SHELF
|e 1st Floor, Shah Alam
|